000 00841nam a2200253 i 4500
001 180563
003 ES-MaACL
005 20230906221131.0
008 120613s1970 sp af |||| |bspa d
080 _a75Memling, Hans
100 1 _aMemling, Hans.
_9150543
245 1 3 _aLa obra pictórica completa de Memling /
_cintroducción de Maria Corti ; biografía y estudios críticos de Giorgio T. Faggin.
260 _aBarcelona :
_bNoguer,
_c[1970] (
_fRizzoli)
300 _a115 p. :
_bil. col. y n. ;
_c32 cm.
490 1 _aClásicos del arte ;
_v18
500 _aÍndices.
504 _aBibliografía. p. 82.
600 1 4 _aMemling, Hans.
_9150543
700 1 _aCorti, Maria.
_9140787
700 1 _aFaggin, Giorgio T.
_9150510
830 0 _aClásicos del arte ;
_v18
_9191252
852 _aES-MaACL
_jL-31053
999 _c180563
_d180563